The Christmas oratorio : a novel /

Bibliographic Details
Main Author: Tunström, Göran, 1937-
Other Authors: Hoover, Paul, 1945-
Format: Book
Language:English
Published: Boston : Godine, 1995.
Edition:1st American ed.
Series:Verba Mundi.
Subjects:

MARC

Tag First Indicator Second Indicator Subfields
LEADER 00000cam a2200000 a 4500
001 in00001237758
005 20151003071906.0
008 940727s1995 mau 000 1 eng
010 |a  94032003  
020 |a 156792008X 
035 |a (OCoLC)30974221 
035 |9 AGT5384AM 
040 |a DLC  |c DLC  |d ABY  |d GZM  |d CLE  |d SVP  |d TXA  |d UtOrBLW 
041 0 |a eng  |h swe 
049 |a TXAM 
050 0 0 |a PT9876.3.U5  |b J8513 1995 
082 0 0 |a 839.7/374  |2 20 
100 1 |a Tunström, Göran,  |d 1937- 
240 1 0 |a Juloratoriet.  |l English 
245 1 4 |a The Christmas oratorio :  |b a novel /  |c by Göran Tunström ; translated from the Swedish by Paul Hoover. 
250 |a 1st American ed. 
264 1 |a Boston :  |b Godine,  |c 1995. 
300 |a 347 pages ;  |c 22 cm. 
336 |a text  |b txt  |2 rdacontent 
337 |a unmediated  |b n  |2 rdamedia 
338 |a volume  |b nc  |2 rdacarrier 
490 1 |a Verba Mundi 
651 0 |a Sweden  |v Fiction. 
655 7 |a Domestic fiction. 
700 1 |a Hoover, Paul,  |d 1945- 
830 0 |a Verba Mundi. 
999 |a MARS 
999 f f |s b1124ae5-13d7-312f-8231-ccbb12a79e57  |i 929b819c-fe84-3736-91b4-35817b8a267d  |t 0 
952 f f |p ric  |a Texas A&M University  |b Rellis Campus  |c Joint Library Facility  |d Remote Storage  |t 0  |e PT9876.3.U5 J8513 1995  |h Library of Congress classification  |i unmediated -- volume  |m A14819190487 
998 f f |a PT9876.3.U5 J8513 1995  |t 0  |l Remote Storage